1846 1814 1402 1240 1055 1944 1100 1624 1433 1024 1175 1421 1458 1030 1935 1512 1947 1070 1375 1894 1078 1062 1730 1676 1850 1413 1561 1939 1968 1722 1080 1682 1560 1375 1062 1366 1105 1320 1116 1999 1695 1991 1246 1274 1900 1116 1229 1006 1550 1725 1650 1754 1520 1591 1069 1603 1001 1019 1523 1462 1289 1402 1376 1308 1790 1540 1124 1195 1367 1280 1375 1200 1476 1624 1513 1421 1664 1321 1232 1967 1663 1462 1800 1431 1442 1604 1595 1194 1024 1070 1904 1339 1315 1608 1289 1569 1080 1739 1688 BCNSPRNW ULIB Ver.6.0+V

เปลี่ยนเป็นภาษาไทย

Change to English
 แสดงรายละเอียดบรรณานุกรม
  กลับหน้าหลัก

Brief Record : Get Marc (ISO 2709) : E-mail record : QR code < ปิดหน้าต่าง
LEADER : 00000nam 2200000uu 4500
001    13399120659
003     ULIB
008    121002s2551||||th 000 0 tha d
020    ^a9749461630 (ล.2)
020    ^a9789749461631
050 04 ^aBQ336^bต389ค ล.2
100 0  ^aนัท ฮันห์,^cติช
245 10 ^aคือเมฆสีขาว ทางก้าวเก่าแก่ เล่ม2/^cติช นัท ฮันห์, เขียน ; รสนา โตสิตระกูล, สันติสุข โสภณสิริ, แปล
250    ^aพิมพ์ครั้งที่ 4
260    ^aกรุงเทพฯ :^bมูลนิธิโกมลคีมทอง,^c2551
300    ^a3 เล่ม :^bภาพประกอบ ;^c21 ซม.
650  7 ^aพระพุทธเจ้า
700 0  ^aรสนา โตสิตระกูล,^eผู้แปล
700 0  ^aสันติสุข โสภณสิริ,^eผู้แปล
945    ^p180^l0^i15409
995    ^aวิภา
999 ^a ใช้งานได้ทุกระบบ
รายการนี้ยังไม่มีแท็ก
คุณยังไม่ได้ล็อกอิน คุณสามารถมีกิจกรรมร่วมกับเว็บไซต์ได้ แต่ต้องล็อกอินก่อน ::
  ล็อกอิน

รายการสื่อสารสนเทศ

ลำดับที่ ประเภท เลขเรียก/บาร์โค้ด สถานที่ สถานะ
1. วิทยาศาสตร์การแพทย์ และสุขภาพ
วิทยาศาสตร์การแพทย์ และสุขภาพ
สถานะ=หนังสือเก่า
BQ336 ต389ค ล.2  
  Barcode: 15409
ห้องสมุดวิทยาเขตนครสวรรค์
►ส่วนจัดเก็บหนังสือเก่า นว.
บนชั้น
  ขอยืม

รายการใกล้เคียง
    หัวเรื่อง [พระพุทธเจ้า]

BibComment


ยังไม่เคยถูกคอมเมนท์

คอมเมนท์ทรัพยากรรายการนี้
  คอมเมนท์: คือเมฆสีขาว ทางก..


 Copyright 2026. Bcnsprnw @Library